000 00958nam a22003257a 4500
001 BR2014007342
003 BR-BrBNA
005 20230928104543.0
007 ta
008 230509b bl.||||| |||| 00| 0 por d
040 _aBR-BrBNA
_bpor
_cBiblioteca Nacional de Agricultura
041 _a(Por)
072 _aM12
_b8140
090 _ 8140 BR2014007342
100 1 _aRibeiro, T.A.
110 1 _aUniversidade Federal de Lavras, MG (Brasil)
_0Tese (Mestrado)
245 1 _aSeletividade alimentar na larvicultura de Prochilodus lineatus (Valenciennes, 1836)
260 3 _aLavras, MG (Brasil):
_c2014.
300 _a74 p.
500 _aSummaries (Eng, Por); Bibliography p. 66-74; 12 tables; 17 illus.
650 _aCURIMATÁ
650 _aALEVINO
650 _aNUTRIÇÃO ANIMAL
650 _aTANQUE
650 _aPH
650 _aCONDUTIVIDADE ELÉTRICA
650 _aPERFORMANCE
909 _a202309
_bLucia
_c55
_dLucia Elande
942 _cBK
999 _c80542
_d80542